Catálogo público

Estimación de funciones de producción para maíz de temporal en el municipio de Papalotla, Edo. de México (Record no. 69309)

MARC details
000 -CABECERA
campo de control de longitud fija 02682nam a22003617a 4500
003 - IDENTIFICADOR DEL NÚMERO DE CONTROL
campo de control CHAP
005 - FECHA Y HORA DE LA ÚLTIMA TRANSACCIÓN
campo de control 20251127112631.0
008 - DATOS DE LONGITUD FIJA--INFORMACIÓN GENERAL
campo de control de longitud fija 971013s1987 r 00010 d
010 ## - NÚMERO DE CONTROL DE LA BIBLIOTECA DEL CONGRESO
Número de control de LC 69309
011 ## - ENLACE DEL NUMERO DE CONTROL DE LA BIBLIOTECA DEL CONGRESO [OBSOLETO]
Número de control de LC 70281
035 ## - NÚMERO DE CONTROL DEL SISTEMA
Número de control de sistema 79762
040 ## - FUENTE DE LA CATALOGACIÓN
Centro/agencia transcriptor CHAP
090 ## - LOCALMENTE ASIGNADO TIPO-LC NÚMERO DE CLASIFICACIÓN (OCLC); NÚMERO DE CLASIFICACIÓN LOCAL (RLIN)
Número de clasificación (OCLC) (R) ; Numero de clasificación, CALL (RLIN) (NR) Tesis
100 00 - ENTRADA PRINCIPAL--NOMBRE DE PERSONA
Nombre de persona Lorenzo Rodríguez, Eliseo.
245 ## - MENCIÓN DE TÍTULO
Título Estimación de funciones de producción para maíz de temporal en el municipio de Papalotla, Edo. de México
300 ## - DESCRIPCIÓN FÍSICA
Extensión 166 h.
500 ## - NOTA GENERAL
Nota general 33-212
502 ## - NOTA DE TESIS
Nota de tesis Tesis (Ing. Agrónomo Esp. en Economía Agrícola) -- UACH. Departamento de Economía Agrícola
520 ## - SUMARIO, ETC.
Sumario, etc. El presente trabajo se encuentra enmarcado dentro de la problemática de la producción de granos básicos. En los últimos años, la producción de maíz ha sido incapaz de satisfacer la creciente demanda, debido a que forma parte de la dieta básica del mexicano. Esta situación hace necesario el estudio de los factores que inter vienen en su producción, tendiente a lograr una mayor oferta del -. producto. El presente estudio analiza el proceso productivo para la obtención de maíz de grano a través de la definición de funciones de producción en un área geográfica donde las condiciones naturales son homogéneas, lo cual permite externar recomendaciones tendientes a la mejora de dicho proceso para la obtención de mayores rendimientos. del cultivo. Para la obtención de los datos se utilizó un cuestionario el cual - se aplicó en la región de estudio para el ciclo agrícola primavera verano de 1986. En el análisis de los datos se recorrió al procedimiento de regresión por pasos (STEPWISE) así como el procedimiento general de modelos lineales (GLM), ambos contenidos en el paquete estadístico SAS (Sistema de Análisis Estadístico), versión 87.4 implementando en el Centro de Estadística y Cálculo del Colegio de Postgraduados, Chapingo. De esta forma, bajo dos modelos estadísticos diferentes, se analizaron los diversos factores que intervienen en la producción relacionados con el rendimiento; para poder generar recomendaciones que contribuyan a mejorar los niveles de producción.
650 14 - PUNTO DE ACCESO ADICIONAL DE MATERIA--TÉRMINO DE MATERIA
Término de materia o nombre geográfico como elemento de entrada Maíz
Subdivisión general Rendimiento.
650 14 - PUNTO DE ACCESO ADICIONAL DE MATERIA--TÉRMINO DE MATERIA
Término de materia o nombre geográfico como elemento de entrada Maíz
Subdivisión geográfica México (Edo.).
856 42 - LOCALIZACIÓN Y ACCESO ELECTRÓNICOS
Identificador Uniforme del Recurso <a href="http://10.13.5.2/tesis/79762.pdf">http://10.13.5.2/tesis/79762.pdf</a>
Texto de enlace DESCARGAR PDF
901 ## - ELEMENTOS DE DATOS A LOCAL LDA (RLIN)
a BK
942 ## - ELEMENTOS DE PUNTO DE ACCESO ADICIONAL (KOHA)
Tipo de ítem Koha TESIS
Fuente del sistema de clasificación o colocación ddc
260 ## - PUBLICACIÓN, DISTRIBUCIÓN, ETC.
Lugar de publicación, distribución, etc. Chapingo, Méx. :
Nombre del editor, distribuidor, etc. El autor,
Fecha de publicación, distribución, etc. 1987
590 ## - NOTA LOCAL (RLIN)
Nota local ALEPH
Procedencia (VM) [OBSOLETO] 10
Condición del los carretes individuales (VM) [OBSOLETO] 20130110
590 ## - NOTA LOCAL (RLIN)
Nota local BATCH-UPD
Procedencia (VM) [OBSOLETO] 10
Condición del los carretes individuales (VM) [OBSOLETO] 20130110
590 ## - NOTA LOCAL (RLIN)
Nota local BATCH-UPD
Procedencia (VM) [OBSOLETO] 10
Condición del los carretes individuales (VM) [OBSOLETO] 20130410
590 ## - NOTA LOCAL (RLIN)
Nota local BATCH-UPD
Procedencia (VM) [OBSOLETO] 10
Condición del los carretes individuales (VM) [OBSOLETO] 20130914
590 ## - NOTA LOCAL (RLIN)
Nota local CONVERSION
Procedencia (VM) [OBSOLETO] 10
Condición del los carretes individuales (VM) [OBSOLETO] 20130109
710 0# - PUNTO DE ACCESO ADICIONAL--NOMBRE DE ENTIDAD CORPORATIVA
Nombre de entidad corporativa o nombre de jurisdicción como elemento de entrada UACH. Departamento de Economía Agrícola.
9 (RLIN) 115862
949 ## - PROCESAMIENTO DE INFORMACIÓN LOCAL (OCLC)
b BC
c TES
d -32651
e TS1
h 21484
i 79762
s i
Holdings
Estado de retiro Estado de pérdida Fuente del sistema de clasificación o colocación Estado dañado Restricciones de uso No para préstamo Código de colección Localización permanente Ubicación/localización actual Ubicación en estantería Fecha de adquisición Información codificada de la localización en otra ubicación Total de préstamos Signatura topográfica completa Código de barras Fecha visto por última vez Fecha del último préstamo Precio válido a partir de Tipo de ítem Koha
    Clasificación Universidad Autónoma de Chapingo   Préstamo interno2   Tesis Biblioteca Central Biblioteca Central Planta alta - Área de Tesis - Tesis 31/12/2019 TESIS 2 Tesis -32651 21/02/2025 21/02/2025 31/12/2019 Tesis
    Clasificación Universidad Autónoma de Chapingo   Préstamo interno   Tesis digitales de Licenciatura Biblioteca Digital Biblioteca Digital En línea 20/06/2025     Tesis digital   20/06/2025   20/06/2025 Tesis digital